Manav ki aatmounati ka lakshye bhartiye sanskriti chhnotiya aur sumbhavaney/ (Record no. 196764)

MARC details
000 -LEADER
fixed length control field 00479nam a22001577a 4500
020 ## - INTERNATIONAL STANDARD BOOK NUMBER
ISBN 9789349248816
082 ## - DEWEY DECIMAL CLASSIFICATION NUMBER
Classification number 306.0954 BHI
100 ## - MAIN ENTRY--PERSONAL NAME
Personal name Bhede, Neevedita Ragunath
245 ## - TITLE STATEMENT
Title Manav ki aatmounati ka lakshye bhartiye sanskriti chhnotiya aur sumbhavaney/
Statement of responsibility, etc Neevedita Raghunath Bhede
260 ## - PUBLICATION, DISTRIBUTION, ETC. (IMPRINT)
Place of publication Jodhpur:
Name of publisher Vivekanand Kender Hindi Prakashan Vibhag,
Year of publication 2025.
300 ## - PHYSICAL DESCRIPTION
Number of Pages 416p.
650 ## - SUBJECT ADDED ENTRY--TOPICAL TERM
Topical Term Culture
650 ## - SUBJECT ADDED ENTRY--TOPICAL TERM
Topical Term Culture - India
942 ## - ADDED ENTRY ELEMENTS (KOHA)
Koha item type Book
Holdings
Withdrawn status Lost status Damaged status Not for loan Permanent Location Current Location Date acquired Full call number Accession Number Price effective from Koha item type
        Library and Documentation Division NCERT Library and Documentation Division NCERT 04/29/2026 306.0954 BHI f33517 04/29/2026 Book